Nomi dei calciatori - Quiz n°8 - Statistics

Statistiche generali
  • Questo quiz è stato fatto 127 volte
  • Il punteggio medio è 8 su 10
Statistiche sulle risposte
Hint Risposta % Corretto
Barella Nicolò
98%
Çalhanoğlu Hakan
93%
Hakimi Achraf
87%
Pazzini Giampaolo
85%
Mancini Gianluca
85%
Tello Cristian
80%
Semedo Nélson
80%
Pastore Javier
79%
Saponara Riccardo
79%
Camavinga Eduardo
76%
Nessun quiz corrispondente trovato
Distribuzione punteggi
Percentuale di utenti per punteggio
Percentile per numero di risposta
I tuoi punteggi nel tempo
Non hai fatto questo quiz